000 00695nam a2200229Ia 4500
003 OSt
005 20221007075825.0
006 a|||||r|||| 00| 0
007 ta
008 221006b |||||||| |||| 00| 0 eng d
024 _a46,301
037 _cTextual
040 _aFLL
_cFLL
_beng
041 _2eng
_aeng
082 _aV29W, Q9
100 _aGUITE Jangkhomang Au.
_9619313
245 0 _aAgainst state, against history
_b freedom, resistance, and statelessness in upland northeast India
260 _aNew Delhi
_bOxford University Press India
_c2019
300 _a301p. lviii
_ccm.
942 _hV29W, Q9
_cTEXL
_2CC
999 _c1157482
_d1157482